[Event "Titled Tuesday intern op 13th Feb Early"]
[Site "Chess.com INT"]
[Date "2024.02.13"]
[Round "9"]
[White "Nagare, Kaivalya Sandip"]
[Black "Klukin, Kirill"]
[Result "0-1"]
[WhiteElo "2074"]
[BlackElo "2390"]
[PlyCount "78"]
[EventDate "2024.02.13"]
[EventType "swiss (blitz)"]
[EventRounds "11"]
[EventCountry "USA"]
[SourceTitle "CB08_2024"]
[SourceDate "2024.02.21"]
[SourceVersion "1"]
[SourceVersionDate "2024.02.21"]
[SourceQuality "1"]

1. e4 c5 2. Nf3 Nc6 3. d4 cxd4 4. Nxd4 e5 5. Nb5 d6 6. c4 Be7 7. N1c3 a6 8. Na3 Be6 9. Nd5 Rc8 10. Be3 Bg5 11. Bb6 Qd7 12. h4 Bd8 13. Bxd8 Qxd8 14. g3 Nf6 15. Bd3 0-0 16. 0-0 Nd4 17. Nc2 Nxc2 18. Qxc2 Bxd5 19. exd5 h6 20. Qe2 e4 21. Bc2 Re8 22. b4 Qb6 23. Rab1 Qd4 24. Bb3 e3 25. Rbd1 Qc3 26. Qf3 exf2+ 27. Rxf2 Re3 28. Qf5 Rxg3+ 29. Kh1 Re8 30. c5 Rh3+ 31. Kg1 Qg3+ 32. Rg2 Re1+ 33. Rxe1 Qxe1+ 34. Qf1 Rh1+ 35. Kxh1 Qxf1+ 36. Kh2 Qf4+ 37. Kg1 dxc5 38. bxc5 Qc1+ 39. Kh2 Qxc5 0-1

[Event "Titled Tuesday intern op 13th Feb Early"]
[Site "Chess.com INT"]
[Date "2024.02.13"]
[Round "7"]
[White "Sierra Vallina, Lionel"]
[Black "Klukin, Kirill"]
[Result "0-1"]
[WhiteElo "2275"]
[BlackElo "2390"]
[PlyCount "100"]
[EventDate "2024.02.13"]
[EventType "swiss (blitz)"]
[EventRounds "11"]
[EventCountry "USA"]
[SourceTitle "CB08_2024"]
[SourceDate "2024.02.21"]
[SourceVersion "1"]
[SourceVersionDate "2024.02.21"]
[SourceQuality "1"]

1. e4 c5 2. Nf3 g6 3. d4 cxd4 4. Qxd4 Nf6 5. Nc3 Nc6 6. Qa4 d6 7. e5 dxe5 8. Nxe5 Bd7 9. Nxd7 Nxd7 10. Be2 Bg7 11. 0-0 0-0 12. Rd1 Qc8 13. Be3 Nb6 14. Qh4 e5 15. Ne4 Nd4 16. Bd3 Nf5 17. Nf6+ Bxf6 18. Qxf6 Nxe3 19. fxe3 Qc5 20. Qf3 Rad8 21. h4 Nd5 22. Re1 Nf4 23. Bf1 Rd2 24. Kh2 Ne6 25. h5 Rxc2 26. Re2 b6 27. Rd1 Rxe2 28. Bxe2 Qe7 29. hxg6 hxg6 30. Kg3 Kg7 31. Rh1 Ng5 32. Qg4 f5 33. Qh4 Ne4+ 34. Kf3 Qxh4 35. Rxh4 Rd8 36. g4 Rd2 37. gxf5 gxf5 38. Rh5 Nd6 39. Rg5+ Kf6 40. Rg8 Rxb2 41. a4 Ne4 42. Ra8 Ng5+ 43. Kf2 Nh3+ 44. Kf1 a5 45. Bb5 Nf2 46. Rb8 Ng4 47. Rxb6+ Kg5 48. Re6 Nxe3+ 49. Kg1 Kf4 50. Ra6 Rg2+ 0-1

[Event "Pozarevac Rudar IM 01"]
[Site "Pozarevac"]
[Date "2024.01.30"]
[Round "9.3"]
[White "Potluri, Saye Srreezza"]
[Black "Klukin, Kirill"]
[Result "0-1"]
[WhiteElo "1983"]
[BlackElo "2390"]
[PlyCount "64"]
[EventDate "2024.01.24"]
[EventType "tourn"]
[EventRounds "9"]
[EventCountry "SRB"]
[SourceTitle "CB06_2024"]
[SourceDate "2024.02.07"]
[SourceVersion "1"]
[SourceVersionDate "2024.02.07"]
[SourceQuality "1"]
[WhiteTeam "Team D"]
[BlackTeam "Team A"]
[WhiteTeamCountry "SRB"]
[BlackTeamCountry "SRB"]

1. e4 e6 2. d4 d5 3. Nc3 Nf6 4. e5 Nfd7 5. f4 c5 6. Nf3 Nc6 7. Be3 a6 8. a3 b5 9. dxc5 Bxc5 10. Bxc5 Nxc5 11. b4 Nd7 12. Bd3 Qc7 13. Qd2 Nb6 14. 0-0 Bb7 15. Qf2 Nc4 16. Rfb1 Ne7 17. a4 bxa4 18. b5 Ng6 19. Rxa4 0-0 20. b6 Qe7 21. Qd4 Rfd8 22. Ne2 Rac8 23. c3 Nf8 24. Rbb4 Nd7 25. Bxc4 dxc4 26. Qe3 Nc5 27. Ra1 Rd3 28. Qf2 Ne4 29. Qe1 Qc5+ 30. Kh1 Nf2+ 31. Kg1 Rxf3 32. Nd4 Nd3 0-1

[Event "Pozarevac Rudar IM 01"]
[Site "Pozarevac"]
[Date "2024.01.27"]
[Round "5.1"]
[White "Ilincic, Aleksa"]
[Black "Klukin, Kirill"]
[Result "1/2-1/2"]
[WhiteElo "2219"]
[BlackElo "2390"]
[PlyCount "64"]
[EventDate "2024.01.24"]
[EventType "tourn"]
[EventRounds "9"]
[EventCountry "SRB"]
[SourceTitle "CB06_2024"]
[SourceDate "2024.02.07"]
[SourceVersion "1"]
[SourceVersionDate "2024.02.07"]
[SourceQuality "1"]
[WhiteTeam "Team C"]
[BlackTeam "Team A"]
[WhiteTeamCountry "SRB"]
[BlackTeamCountry "SRB"]

1. e4 e6 2. d4 d5 3. e5 c5 4. Nf3 Nc6 5. c3 Nge7 6. Bd3 cxd4 7. 0-0 dxc3 8. Nxc3 Ng6 9. Re1 a6 10. g3 d4 11. Nb1 Qc7 12. Qe2 Nb4 13. Nbd2 Bd7 14. Nb3 Nxd3 15. Qxd3 Bb5 16. Qxd4 Bc6 17. Qc4 Rc8 18. Nfd4 Bd5 19. Qxc7 Rxc7 20. Bd2 Be7 21. Ba5 Rc4 22. Rac1 Bd8 23. Rxc4 Bxc4 24. Bxd8 Kxd8 25. Nc5 Bd5 26. a3 Ne7 27. Rc1 g5 28. Na4 Bc6 29. Nc5 Bd5 30. Na4 Bc6 31. Nc5 Bd5 32. Na4 Bc6 1/2-1/2

[Event "Pozarevac Rudar IM 01"]
[Site "Pozarevac"]
[Date "2024.01.26"]
[Round "4.1"]
[White "Klukin, Kirill"]
[Black "Yilmaz, Baver"]
[Result "1-0"]
[WhiteElo "2390"]
[BlackElo "2261"]
[PlyCount "114"]
[EventDate "2024.01.24"]
[EventType "tourn"]
[EventRounds "9"]
[EventCountry "SRB"]
[SourceTitle "CB06_2024"]
[SourceDate "2024.02.07"]
[SourceVersion "1"]
[SourceVersionDate "2024.02.07"]
[SourceQuality "1"]
[WhiteTeam "Team A"]
[BlackTeam "Team D"]
[WhiteTeamCountry "SRB"]
[BlackTeamCountry "SRB"]

1. Nf3 Nf6 2. c4 c6 3. g3 d5 4. Bg2 g6 5. 0-0 Bg7 6. d4 0-0 7. Nc3 Nbd7 8. cxd5 cxd5 9. Bf4 b6 10. Qb3 Bb7 11. Rfc1 Ne4 12. Nb5 e6 13. Qa3 g5 14. Bc7 Qf6 15. Nd6 Nxd6 16. Qxd6 Nb8 17. Ne5 Rc8 18. Bxb8 Raxb8 19. Rc7 Qd8 20. Qxd8+ Rxd8 21. Nxf7 Rf8 22. Nxg5 Bxd4 23. Nxe6 Bxf2+ 24. Kh1 Rf7 25. Rf1 Rxc7 26. Nxc7 Bd4 27. b3 Kh8 28. Bxd5 Bxd5+ 29. Nxd5 Re8 30. e3 Bc5 31. Rf7 Kg8 32. Rxh7 Kxh7 33. Nf6+ Kg6 34. Nxe8 Kf5 35. Kg2 Bxe3 36. Nd6+ Ke6 37. Nc4 Bc1 38. Kf3 Kd5 39. h4 b5 40. Ne3+ Kd4 41. Nf5+ Ke5 42. g4 a5 43. Ng3 a4 44. bxa4 bxa4 45. g5 a3 46. Kg4 Ke6 47. h5 Bd2 48. Ne4 Be3 49. h6 Bd4 50. Kh5 Kf7 51. g6+ Kg8 52. Ng5 Bf6 53. Nf7 Bh8 54. Nxh8 Kxh8 55. Kg5 Kg8 56. Kf5 Kf8 57. Ke4 Kg8 1-0

[Event "Pozarevac Rudar IM 01"]
[Site "Pozarevac"]
[Date "2024.01.26"]
[Round "3.1"]
[White "Unat, Can Haktan"]
[Black "Klukin, Kirill"]
[Result "1/2-1/2"]
[WhiteElo "2267"]
[BlackElo "2390"]
[PlyCount "100"]
[EventDate "2024.01.24"]
[EventType "tourn"]
[EventRounds "9"]
[EventCountry "SRB"]
[SourceTitle "CB06_2024"]
[SourceDate "2024.02.07"]
[SourceVersion "1"]
[SourceVersionDate "2024.02.07"]
[SourceQuality "1"]
[WhiteTeam "Team D"]
[BlackTeam "Team A"]
[WhiteTeamCountry "SRB"]
[BlackTeamCountry "SRB"]

1. e4 e6 2. d4 d5 3. Nc3 Nf6 4. e5 Nfd7 5. Nce2 c5 6. c3 Nc6 7. Nf3 b5 8. Nf4 Qb6 9. Be2 cxd4 10. cxd4 Bb4+ 11. Bd2 Bxd2+ 12. Qxd2 g5 13. Nh5 h6 14. g4 Bb7 15. h4 gxh4 16. Ng7+ Kd8 17. Qf4 Rf8 18. Rxh4 Qa5+ 19. Qd2 Qxd2+ 20. Kxd2 b4 21. Rg1 Rg8 22. Nh5 Ke7 23. Nf4 b3 24. axb3 Na5 25. Bd1 Rab8 26. Rg3 Ba6 27. Ng1 Rb4 28. Nge2 Rgb8 29. Rxh6 Bxe2 30. Nxe2 Nxb3+ 31. Bxb3 Rxb3 32. Rxb3 Rxb3 33. Kc2 Rf3 34. Rh2 Nb8 35. Kd2 Nc6 36. g5 a5 37. Rg2 Rb3 38. Kc1 Rb4 39. g6 fxg6 40. Rxg6 Nxd4 41. Nc3 Nf5 42. Rg8 Rf4 43. Ra8 d4 44. Nd1 Re4 45. Rxa5 Re2 46. Rc5 Nh4 47. f4 Ng2 48. Rc7+ Ke8 49. Rc4 Nxf4 50. Rxd4 Nd5 1/2-1/2